[Event "Olympiad-41"]
[Site "Tromsoe"]
[Date "2014.08.11"]
[Round "9.3"]
[White "Rakotoniaina, Antsiva"]
[Black "Ibarhim, Firaq"]
[Result "0-1"]
[WhiteElo "2014"]
[BlackElo "1532"]
[PlyCount "82"]
[EventDate "2014.08.02"]
[EventType "team-swiss"]
[EventRounds "11"]
[EventCountry "NOR"]
[SourceTitle "CBM 162"]
[Source "ChessBase"]
[SourceDate "2014.09.17"]
[SourceVersion "1"]
[SourceVersionDate "2014.09.17"]
[SourceQuality "1"]
[WhiteTeam "Madagascar"]
[BlackTeam "Maldives"]
[WhiteTeamCountry "MAD"]
[BlackTeamCountry "MDV"]

1. d4 d5 2. c4 Nf6 3. cxd5 Nxd5 4. Nf3 Bf5 5. Nbd2 Bg6 6. e4 Nb6 7. a4 e6 8. a5 N6d7 9. Qb3 Qc8 10. Bc4 Be7 11. 0-0 0-0 12. Re1 a6 13. d5 e5 14. Bf1 Bd6 15. Nh4 Nf6 16. Nxg6 fxg6 17. Nc4 Nbd7 18. Nxd6 cxd6 19. f3 Rf7 20. Be3 Nc5 21. Qa3 Qf8 22. b4 Ncd7 23. Rac1 Rc8 24. Rxc8 Qxc8 25. Rc1 Qf8 26. b5 Nb8 27. bxa6 bxa6 28. Bb6 Nfd7 29. Rc6 Rf6 30. Qc3 Nxc6 31. dxc6 Nc5 32. Bc4+ Kh8 33. c7 Qc8 34. Qd2 h6 35. Qd5 g5 36. Bxc5 dxc5 37. Qd8+ Rf8 38. Qxf8+ Qxf8 39. Bxa6 c4 40. Kf1 c3 41. Ke2 c2 0-1

[Event "Olympiad-41"]
[Site "Tromsoe"]
[Date "2014.08.04"]
[Round "3.3"]
[White "Taleb Mohamed, Ahmed"]
[Black "Ibarhim, Firaq"]
[Result "1/2-1/2"]
[WhiteElo "2024"]
[BlackElo "1532"]
[PlyCount "100"]
[EventDate "2014.08.02"]
[EventType "team-swiss"]
[EventRounds "11"]
[EventCountry "NOR"]
[SourceTitle "CBM 162"]
[Source "ChessBase"]
[SourceDate "2014.09.17"]
[SourceVersion "1"]
[SourceVersionDate "2014.09.17"]
[SourceQuality "1"]
[WhiteTeam "Mauritania"]
[BlackTeam "Maldives"]
[WhiteTeamCountry "MAU"]
[BlackTeamCountry "MDV"]

1. e4 c5 2. Nf3 Nc6 3. c3 d6 4. Bc4 e6 5. d4 cxd4 6. cxd4 d5 7. exd5 exd5 8. Bd3 h6 9. 0-0 Bd6 10. Qb3 Nf6 11. Re1+ Be7 12. Bf4 0-0 13. Nbd2 a6 14. Rac1 Bb4 15. Rxc6 Bxd2 16. Rd6 Qc7 17. Nxd2 Be6 18. Bg3 Qa5 19. Rd1 Rfe8 20. f3 Nh5 21. Bf2 Nf4 22. Bf1 Rac8 23. Rb6 Bf5 24. Qb4 Qxa2 25. Qa3 Qxa3 26. bxa3 Rc2 27. Re1 Rec8 28. Be3 Re8 29. Kf2 Ne6 30. Rxb7 Nxd4 31. Bf4 Ne6 32. g4 Bh7 33. h4 Ra2 34. Ra7 Rc8 35. Bxa6 Rd8 36. Rxe6 fxe6 37. Ke1 Rxa3 38. Bc7 Rd7 39. Ra8+ Kf7 40. Bg3 d4 41. Nc4 Ra1+ 42. Kd2 Ra2+ 43. Ke1 d3 44. Bf4 Ra1+ 45. Kf2 Ra2+ 46. Kg3 d2 47. Ne5+ Ke7 48. Nc6+ Kf7 49. Ne5+ Ke7 50. Nc6+ Kf7 1/2-1/2